MCU Movies - Sudden Death - Statistics

General Stats
  • This quiz has been taken 742 times
  • The average score is 24 of 28
Answers on the Grid
Answers color-coded by a green-red scale on the quiz's grid according to % correct below.
Ant-Man
Ant-Man and the Wasp
Avengers: Age of Ultron
Black Panther
Black Panther: Wakanda Forever
Black Widow
Blade
Captain America: Brave New World
Captain America: Civil War
Captain America: The First Avenger
Captain America: The Winter Soldier
Captain Marvel
Daredevil
Deadpool
Deadpool & Wolverine
Doctor Strange
Elektra
Eternals
Ghost Rider
Guardians of the Galaxy
Guardians of the Galaxy Vol. 3
Hulk
Iron Man
Kraven the Hunter
Logan
Madame Web
Morbius
Shang-Chi and the Legend of the Ten Rings
Spider-Man 2
Spider-Man: Brand New Day
Spider-Man: Far From Home
Spider-Man: Homecoming
The Amazing Spider-Man
The Avengers
The Fantastic Four: First Steps
The Incredible Hulk
The Marvels
Thor
Thor: Ragnarok
Thor: The Dark World
Thunderbolts: The New Avengers
Venom
X-Men
X-Men: First Class
 
Answer Stats
Answer % Correct
Last film in Phase Two Ant-Man
97%
1st film with the 616's version of Spider-Man, portrayed by Tom Holland, 1st film in Phase Three, 3rd crossover film in the 616 universe, features Captain America, Iron Man, Black Widow, Hawkeye, Vision, Scarlet Witch, Falcon, War Machine, Ant-Man, Black Panther, Bucky Barnes and Spider-Man Captain America: Civil War
97%
Last film in Phase Four Black Panther: Wakanda Forever
96%
2nd crossover film in the 616 universe, features Iron Man, Captain America, Thor, Hulk, Black Widow, Hawkeye, Scarlet Witch, Falcon, War Machine and Vision Avengers: Age of Ultron
94%
The last MCU movie to be released while Stan Lee was alive Ant-Man and the Wasp
93%
Black Panther
93%
1st film in the 616 timeline, takes place in the early 1940s during World War II Captain America: The First Avenger
92%
Captain America: The Winter Soldier
92%
2nd film in the 616 timeline, takes place in 1995, was dedicated to Stan Lee Captain Marvel
92%
Prequel to Avengers: Infinity War, 1st film in Phase Four Black Widow
91%
Guardians of the Galaxy Vol. 3
91%
First film in the universe, 1st film in Phase One Iron Man
90%
Mentions the multiverse in a post-credit scene Captain America: Brave New World
89%
Doctor Strange
89%
Guardians of the Galaxy
88%
Spider-Man: Homecoming
83%
1st time that it's mentioned what the main universe is called (616), epilogue to Phase Three Spider-Man: Far From Home
82%
1st crossover film in the 616 universe, features Iron Man, Captain America, Thor, Hulk, Black Widow and Hawkeye, last film in Phase One The Avengers
80%
In the 616 universe but not heavily connected Shang-Chi and the Legend of the Ten Rings
79%
In the 616 universe but not heavily connected Eternals
78%
Thor
78%
Thor: Ragnarok
78%
Thor: The Dark World
77%
Continuation of the X-Men/Deadpool universe series, now in the main 616 universe, 7th crossover film in the 616 universe, features Deadpool, Wolverine, Elektra, Human Torch, Blade, Thor Deadpool & Wolverine
76%
Upcoming film, 1st film in Phase Six (not including The Fantastic Four: First Steps) Spider-Man: Brand New Day
73%
Most-recent film to be released and in the timeline, last film in Phase Five, 8th crossover film in the 616 universe, features Yelena Belova, Red Guardian, Bucky Barnes, Sentry, Ghost, U.S. Agent, Taskmaster Thunderbolts: The New Avengers
73%
Some consider this film to not be connected because of a different actor playing Bruce Banner The Incredible Hulk
71%
With Kelsey Grammer as Beast from the X-Men universe The Marvels
70%
No matching quizzes found
Score Distribution
Percent of People with Each Score
Percentile by Number Answered
Your Score History
You have not taken this quiz